书目信息 |
| 题名: |
建筑与装饰材料
|
|
| 作者: | 隋良志 , 李玉甫 主编 | |
| 分册: | ||
| 出版信息: | 天津 天津大学出版社 2014 |
|
| 页数: | 315页 | |
| 开本: | 25cm | |
| 丛书名: | ||
| 单 册: | ||
| 中图分类: | TU5 | |
| 科图分类: | ||
| 主题词: | 建筑材料 | |
| 电子资源: | ||
| ISBN: | 978-7-5618-5197-5 | |
| 000 | 00675nam0 2200217 450 | |
| 001 | 142632 | |
| 005 | 20141223132252.43 | |
| 010 | @a978-7-5618-5197-5@dCNY45.00(含光盘) | |
| 010 | @a978-7-900679-56-7 | |
| 100 | @a20141223d2014 km y0chiy0120 ea | |
| 101 | 0 | @achi |
| 102 | @aCN@b120000 | |
| 200 | 1 | @a建筑与装饰材料@Ajian zhu yu zhuang shi cai liao@f隋良志,李玉甫主编@Fsui liang zhi,li yu fu zhu bian |
| 210 | @a天津@c天津大学出版社@d2014 | |
| 215 | @a315页@d25cm | |
| 606 | 0 | @a建筑材料 |
| 690 | @aTU5@v4 | |
| 701 | 0 | @a隋良志@Asui liang zhi@4主编 |
| 701 | 0 | @a李玉甫@Ali yu fu@4主编 |
| 801 | 0 | @aCN@b大连网信软件有限公司图书馆·11@c20141223 |
| 905 | @a241430@dTU5@eS8851 | |
| 建筑与装饰材料/隋良志,李玉甫主编.-天津:天津大学出版社,2014 |
| 315页;25cm |
| ISBN 978-7-5618-5197-5:CNY45.00(含光盘) |
| ● |
| 相关链接 |
|
|
|
正题名:建筑与装饰材料
索取号:TU5/S8851
 
预约/预借
| 序号 | 登录号 | 条形码 | 馆藏地/架位号 | 状态 | 备注 |
| 1 | 1135443 | 211354434 | 建筑库201/201建筑库 2排2列3层/ [索取号:TU5/S8851] | 在馆 | |
| 2 | 1135444 | 211354443 | 建筑库201/201建筑库 2排2列4层/ [索取号:TU5/S8851] | 在馆 | |
| 3 | 1135445 | 211354452 | 建筑库201/201建筑库 2排2列3层/ [索取号:TU5/S8851] | 在馆 |